000 00688nam a2200289Ia 4500
005 20260324140029.0
008 008 260324s9999 xx 000 0 eng d
020 _a9781003579212
037 _aEBOOK
040 _aCRL
040 _beng
040 _cCRL
041 _2eng
041 _aeng
084 _qCRL
100 _aLarry Chambers
_91202865
245 0 _aFinancial Success in the Year 2000 and Beyond
245 0 _b13 Experts Show the Way
260 _bTaylor and Francis
260 _c1999
365 _a
365 _b120
856 _uhttp://www.taylorfrancis.com/books/9781003579212
942 _cEBOOK
999 _c1804498
_d1804498